000 00463nam a22001697a 4500
003 CEME
005 20210628203051.0
008 210120b xxu||||| |||| 00| 0 eng d
040 _c.
082 _a620.104 MOH
100 _aMohapatra , Pratap K, Mandal , Purnendu
_963128
245 _aIntroduction to system dynamics modeling
260 _aINDIA
_bUNIVERSITIES PRESS
_c1994
300 _a281P
650 _aSYSTEM DYNAMICS MODELING
_963129
942 _cBK
_2ddc
999 _c572050
_d572050